000 00944cab a2200241 4500
001 ##L135916
008 061218n2006 000 0 eng u
035 _a(Sirsi) u135916
041 0 _aeng
110 1 _aConstruction Industry Council
_92417
245 0 0 _aDesign quality in the Big Apple
260 _c2006
490 0 _aCIC Press Release
_v8 December 2006
520 _aThe CIC's Design Quality Indicator is being applied to 35 public building projects worth US$320 in New York City. The web based toolkit that assesses the inherent design quality of buildings has already been used on 700 projects in the UK.
590 _aKA
650 2 4 _aDESIGN QUALITY INDICATORS
651 4 _aNEW YORK
651 4 _aUNITED STATES
651 4 _aUnited Kingdom
_y
690 _aBUILT ENVIRONMENT-CONSTRUCTION DESIGN
856 4 0 _uhttps://www.cic.org.uk/newsevents/press.shtml
_zView the item free of charge at www.cic.org.uk...
942 _n0
999 _c78067
_d78067